L'amélioration des herbages dans le monde

Guardado en:
Detalles Bibliográficos
Autor principal: A T Semple
Formato: Libro
Lenguaje:Undetermined
Publicado: Rome FAO 1956
Materias:
Etiquetas: Agregar Etiqueta
Sin Etiquetas, Sea el primero en etiquetar este registro!
Thư viện lưu trữ: Trung tâm Học liệu Trường Đại học Cần Thơ
LEADER 00481nam a2200181Ia 4500
001 CTU_12940
008 210402s9999 xx 000 0 und d
082 |a 633.2 
082 |b S473 
100 |a A T Semple 
245 0 |a L'amélioration des herbages dans le monde 
245 2 |c A T Semple, FAO 
260 |a Rome 
260 |b FAO 
260 |c 1956 
650 |a herbs 
904 |i Nguyễn Quang Điền, 961120 
980 |a Trung tâm Học liệu Trường Đại học Cần Thơ